| Поле | Название | Значение |
| |
Тип записи |
c |
| |
Библиографический уровень |
m |
| 001 |
Контрольный номер |
RU/УОНБ/EK_N/483291131 |
| 005 |
Дата корректировки |
20250520125026.6 |
| 010 |
Индекс ISBN |
__ |
| 9 |
Тираж |
3000 экз. |
| 013 |
Номер (ISMN) |
__ |
| d |
Цена |
60 коп. |
| 071 |
Издательские номер (звукозапись и ноты) |
21 |
| a |
Номер, присвоенный агентством |
30796 |
| 100 |
Данные общей обработки |
__ |
| a |
Данные общей обработки |
20200205d1963 u y0rusy0189||||ca |
| 101 |
Язык документа |
2_ |
| a |
Язык текста |
mul |
| a |
Язык текста |
rus |
| f |
Язык титульного листа |
rus |
| 102 |
Страна публикации |
__ |
| a |
Страна публикации |
RU |
| 105 |
Кодированные данные (монография) |
__ |
| a |
Кодированные данные (монография) |
y###||||000|y |
| 125 |
Кодированные данные звукозаписи и нотных изданий |
__ |
| a |
Форма изложения нотного текста |
с| |
| 128 |
Кодированные данные (звукозаписи-физические характеристики) |
__ |
| a |
Кодированные данные: Музыкальная форма и тональность или лад |
ccn |
| c |
Инструменты или голоса, рекомендуемые для солистов (устаревшее) |
vu|| |
| 200 |
Заглавие и сведения об ответственности |
1_ |
| a |
Заглавие |
Москва-космос |
| b |
Общее обозначение материала |
Ноты |
| e |
Сведения, относящиеся к заглавию |
песни зарубежных композиторов |
| e |
Сведения, относящиеся к заглавию |
для голоса с фп. |
| 210 |
Выходные данные |
1_ |
| a |
Место издания |
Москва |
| c |
Издательство |
Музгиз |
| d |
Дата издания |
1963 |
| 215 |
Физическое описание |
__ |
| a |
Объем |
47 с. |
| d |
Формат |
29 см |
| 300 |
Общие примечания |
__ |
| a |
Общие примечания |
Текст на рус., нем., чеш., румын., венгер., англ., франц. и швед. яз. |
| 327 |
Примечание о содержании |
11 |
| a |
Примечание о содержании |
Содерж. : ГДР : Шефер З. Вот это новость! ; Песня трубадура / сл. П. Виппа. - Чехословакия : Мацоурек К. Спасибо космонавту! / сл. Й. Аплта. - Элберт К. Первый астронавт / сл. О. Каушитца. - Маловец Й. Звезда над нами / сл. Э. Вейдлера. - Румыния : Григориу Дж. Песня о Гагарине / сл. А. Григориу. - Венгрия : Жолнай А. Ты герой, Гагарин! / сл. А. Жолнай. - Лендваи К. Человек в космосе! / сл. Я. Бороша - Китай : Цзян Дин-сян. Сын неба / сл. Дэн То. - Дун Фэн. Ликует вся земля / сл. Мэй Сы. - Вьетнам : Нго Донг Хай. Слава космонавтам! / сл. Нго Донг Хая. - Индия : Дхаван П. Мы будем петь на луне и танцевать на звездах / сл. П. Дхавана. - Англия : Буш А. Песня о космонавтах / сл. М. Томалина. - Греция : Палест М. Юрию Гагарину / сл. М. Палеста. - Франция : Бонт Ф., Бианшери Ф. Юрий Гагарин - отважней орла / сл. Ф. Бонта. - Швеция : Эверт А. Космическая колыбельная / сл. Э. Родена. |
| 464 |
Аналитический уровень |
_0 |
| 1 |
|
2001 |
| a |
|
Вот это новость |
| e |
|
Сиял денек апрельский... |
| 1 |
|
700 1 |
| a |
|
Шефер |
| b |
|
З. |
| 1 |
|
702 1 |
| a |
|
Випп |
| b |
|
П. |
| 4 |
|
520 |
| 464 |
Аналитический уровень |
_0 |
| 1 |
|
2001 |
| a |
|
Песня трубадура |
| e |
|
Сегодня трубадуры... |
| 1 |
|
700 1 |
| a |
|
Шефер |
| b |
|
З. |
| 1 |
|
702 1 |
| a |
|
Випп |
| b |
|
П. |
| 4 |
|
520 |
| 464 |
Аналитический уровень |
_0 |
| 1 |
|
2001 |
| a |
|
Спасибо космонавту! |
| e |
|
Ты пролетел над планетой... |
| 1 |
|
700 1 |
| a |
|
Мацоурек |
| b |
|
К. |
| 1 |
|
702 1 |
| a |
|
Аплт |
| b |
|
Й. |
| 4 |
|
520 |
| 464 |
Аналитический уровень |
_0 |
| 1 |
|
2001 |
| a |
|
Первый астронавт |
| e |
|
Первый спутник пел в пути... |
| 1 |
|
700 1 |
| a |
|
Элберт |
| b |
|
К. |
| 1 |
|
702 1 |
| a |
|
Каушитц |
| b |
|
О. |
| 4 |
|
520 |
| 464 |
Аналитический уровень |
_0 |
| 1 |
|
2001 |
| a |
|
Звезда над нами |
| e |
|
Снова в парке вечер... |
| 1 |
|
700 1 |
| a |
|
Маловец |
| b |
|
Й. |
| 1 |
|
702 1 |
| a |
|
Эйдлер |
| b |
|
Э. |
| 4 |
|
520 |
| 464 |
Аналитический уровень |
_0 |
| 1 |
|
2001 |
| a |
|
Песня о Гагарине |
| e |
|
Подняла луна... |
| 1 |
|
700 1 |
| a |
|
Григориу |
| b |
|
Дж. |
| 1 |
|
702 1 |
| a |
|
Григориу |
| b |
|
А. |
| 4 |
|
520 |
| 464 |
Аналитический уровень |
_0 |
| 1 |
|
2001 |
| a |
|
Ты герой, Гагарин! |
| e |
|
Мчится "Восток" вдали голубой... |
| 1 |
|
700 1 |
| a |
|
Жолнай |
| b |
|
А. |
| 1 |
|
702 1 |
| a |
|
Жолнай |
| b |
|
А. |
| 4 |
|
520 |
| 464 |
Аналитический уровень |
_0 |
| 1 |
|
2001 |
| a |
|
Человек в космосе |
| e |
|
Люди, сын земли над планетой... |
| 1 |
|
700 1 |
| a |
|
Лендваи |
| b |
|
К. |
| 1 |
|
702 1 |
| a |
|
Борош |
| b |
|
Я. |
| 4 |
|
520 |
| 464 |
Аналитический уровень |
_0 |
| 1 |
|
2001 |
| a |
|
Сын неба |
| e |
|
Над землей рассвет встает... |
| 1 |
|
700 1 |
| a |
|
Дин Сянь |
| 1 |
|
702 1 |
| a |
|
Дэн То |
| 4 |
|
520 |
| 464 |
Аналитический уровень |
_0 |
| 1 |
|
2001 |
| a |
|
Ликует вся земля |
| e |
|
Ты словно обнял всю планету... |
| 1 |
|
700 1 |
| a |
|
Дун Фэн |
| 1 |
|
702 1 |
| a |
|
Мэй Сы |
| 4 |
|
520 |
| 464 |
Аналитический уровень |
_0 |
| 1 |
|
2001 |
| a |
|
Слава космонавтам! |
| e |
|
Мир услышал добрую весть... |
| 1 |
|
700 1 |
| a |
|
Нго Донг Хай |
| 1 |
|
702 1 |
| a |
|
Нго Донг Хай |
| 4 |
|
520 |
| 464 |
Аналитический уровень |
_0 |
| 1 |
|
2001 |
| a |
|
Мы будем петь на луне и танцевать на звездах |
| e |
|
Сегодня мы целуем небо... |
| 1 |
|
700 1 |
| a |
|
Джаван |
| b |
|
П. |
| 1 |
|
702 1 |
| a |
|
Джаван |
| b |
|
П. |
| 4 |
|
520 |
| 464 |
Аналитический уровень |
_0 |
| 1 |
|
2001 |
| a |
|
Песня о космонавте |
| e |
|
Впервые за мильоны лет... |
| 1 |
|
700 1 |
| a |
|
Буш |
| b |
|
А. |
| 1 |
|
702 1 |
| a |
|
Томалин |
| b |
|
М. |
| 4 |
|
520 |
| 464 |
Аналитический уровень |
_0 |
| 1 |
|
2001 |
| a |
|
Юрию Гагарину |
| e |
|
Отважный сын земли... |
| 1 |
|
700 1 |
| a |
|
Палест |
| b |
|
М. |
| 1 |
|
702 1 |
| a |
|
Палест |
| b |
|
М. |
| 4 |
|
520 |
| 464 |
Аналитический уровень |
_0 |
| 1 |
|
2001 |
| a |
|
Юрий Гагарин - отважней орла |
| e |
|
Юрий Гагарин отважней орла... |
| 1 |
|
700 1 |
| a |
|
Бонт |
| b |
|
Ф. |
| 1 |
|
701 1 |
| a |
|
Бианшери |
| b |
|
Ф. |
| 1 |
|
702 1 |
| a |
|
Бонт |
| b |
|
Ф. |
| 4 |
|
520 |
| 464 |
Аналитический уровень |
_0 |
| 1 |
|
2001 |
| a |
|
Космическая колыбельная |
| e |
|
В сердце и радость и тревога... |
| 1 |
|
700 1 |
| a |
|
Эверт |
| b |
|
А. |
| 1 |
|
702 1 |
| a |
|
Роден |
| b |
|
А. |
| 4 |
|
520 |
| 512 |
Заглавие обложки |
1_ |
| a |
Заглавие обложки |
Москва-космос |
| 606 |
Тематические рубрики |
0_ |
| a |
Основная рубрика |
Песни зарубежных композиторов |
| 610 |
Ключевые слова |
1_ |
| a |
Ключевые слова |
песни зарубежных композиторов |
| 610 |
Ключевые слова |
0_ |
| a |
Ключевые слова |
песни о космосе |
| 686 |
Индексы других классификаций |
__ |
| a |
Классификационный индекс |
85.943.4-42-041.5(3)я43 |
| 2 |
Код системы |
rubbk |
| 801 |
Источник записи |
_0 |
| a |
Страна |
RU |
| b |
Организация |
Ульяновская ОНБ |
| c |
Дата составления |
20200205 |
| g |
Правила каталогизации |
RCR |
| 801 |
Источник записи |
_1 |
| a |
Страна |
RU |
| b |
Организация |
Ульяновская ОНБ |
| c |
Дата составления |
20200205 |
| g |
Правила каталогизации |
RCR |
| 901 |
Тип документа |
__ |
| t |
Тип документа |
m |
| 909 |
Создатель записи |
__ |
| a |
Создатель записи |
Лобина Л. И. |
| 938 |
Служебная информация |
__ |
| a |
Имя БД |
noti |
| b |
Имя библиотеки |
УОНБ |
| c |
Имя АИБС |
МАРК-SQL |
| d |
Номер DOC_ID в БД |
13138 |